Ekonomické aspekty využití dřevní hmoty : monografie /

Hlavní autor: Kalousek, František
Korporativní autor: Mendelova zemědělská a lesnická univerzita. Ústav lesnické a dřevařské ekonomiky a politiky
Další autoři: Lenoch, Josef, Štork, Rudolf, 1944-
Jazyk: Čeština
Vydáno: Brno : Mendelova zemědělská a lesnická univerzita, 2007
Vydání: Vyd. 1.
Edice: Folia Universitatis Agriculturae et Silviculturae Mendelianae Brunensis. Facultas Silviculturae et Technologiae Ligni
Témata:
Fyzický popis: 72 s. : il. (převážně barev.), mapa ; 21 cm
Knihy
Uloženo v:
LEADER 02382nam a2200565 a 4500
001 nkc20071721036
003 CZ PrNK
005 20070813150432.0
007 ta
008 070524s2007 xr ab f 000 0 cze
015 |a cnb001721036 
020 |a 978-80-7375-047-3  |q (brož.) 
035 |a (OCoLC)187296517 
040 |a OLA001  |b cze  |d ABA001 
043 |a e-xr--- 
072 7 |a 630  |x Lesnictví  |2 Konspekt  |9 24 
080 |a 630  |2 MRF 
080 |a 630.31  |2 MRF 
080 |a 674  |2 MRF 
080 |a 630.6/.7  |2 MRF 
080 |a (437.3)  |2 MRF 
080 |a (048.8)  |2 MRF 
100 1 |a Kalousek, František  |7 jx20051103027  |4 aut 
245 1 0 |a Ekonomické aspekty využití dřevní hmoty :  |b monografie /  |c František Kalousek, Josef Lenoch, Rudolf Štork 
250 |a Vyd. 1. 
260 |a Brno :  |b Mendelova zemědělská a lesnická univerzita,  |c 2007 
300 |a 72 s. :  |b il. (převážně barev.), mapa ;  |c 21 cm 
490 1 |a Folia Universitatis Agriculturae et Silviculturae Mendelianae Brunensis. Facultas Silviculturae et Technologiae Ligni 
500 |a Nad názvem: Mendelova zemědělská a lesnická univerzita v Brně, Lesnická a dřevařská fakulta, Ústav lesnické a dřevařské ekonomiky a politiky 
500 |a 50 výt. 
504 |a Obsahuje bibliografii 
650 0 7 |a lesní hospodářství  |7 ph115114  |z Česko  |2 czenas 
650 0 7 |a těžba dřeva  |7 ph135737  |z Česko  |2 czenas 
650 0 7 |a dřevozpracující průmysl  |7 ph114408  |z Česko  |2 czenas 
650 0 7 |a lesnická ekonomika  |7 ph135547  |2 czenas 
650 0 9 |a forest management  |z Czechia  |2 eczenas 
650 0 9 |a logging  |z Czechia  |2 eczenas 
650 0 9 |a woodworking industry  |z Czechia  |2 eczenas 
650 0 9 |a forest economics  |2 eczenas 
655 7 |a monografie  |7 fd132842  |2 czenas 
655 9 |a monographs  |2 eczenas 
700 1 |a Lenoch, Josef  |7 mzk2005312807  |4 aut 
700 1 |a Štork, Rudolf,  |d 1944-  |7 ola2007364959  |4 aut 
710 2 |a Mendelova zemědělská a lesnická univerzita.  |b Ústav lesnické a dřevařské ekonomiky a politiky  |7 kn20030304012 
830 0 |a Folia Universitatis Agriculturae et Silviculturae Mendelianae Brunensis.  |p Facultas Silviculturae et Technologiae Ligni  |0 s 
910 2 |a BOA001  |b 2-1187.230 
990 |a BK 
995 |a 01 
991 |b 200706  |c NOV 
996 6 |b 2610312427  |c 2-1187.230  |l MZK  |r Sklad / do 1 hodiny  |n 4  |p p.v.  |w 000852391  |u 000010  |a 1  |e BOA001  |j MZK50  |s P